000 00383nam a2200145Ia 4500
008 231217s9999 xx 000 0 und d
041 _aEnglish
082 _a793.73 TOW;2 R1
100 _aTownsend, Charles Barry
245 0 _aWorld's trickiest puzzles
260 _c1995
_bOrient Paper Backs
_aNew Delhi
300 _a126
650 _aWorld's,trickiest,puzzles
942 _cAA
999 _c175177
_d175177